Statistics for Chile World Cup 2014 squad

Click here to take the quiz!

General Stats

  • This quiz has been taken 399 times
    (390 since last reset)
  • The average score is 13 of 24

Answer Stats

% Correct
MDArturo VidalJuventus
96%
FWAlexis SanchezBarcelona
95%
GKClaudio BravoReal Sociedad
91%
DFGary MedelCardiff City
76%
FWEduardo VargasFC Valencia
73%
MDMauricio IslaJuventus
66%
FWJorge ValdiviaPalmeiras
64%
MDJean BeausejourWigan Athletic
61%
DFGonzalo JaraNottingham Forest
58%
FWMauricio PinillaCagliari
58%
MDCharles AranguizInternacional Porto Alegre
57%
COACHJorge Sampaoli/
55%
MDMarcelo DiazFC Basel
53%
GKJohnny HerreraUniversidad de Chile
44%
DFEugenio MenaSantos
43%
GKCristofer ToselliUniversidad Catolica
42%
MDFrancisco SilvaOsasuna
42%
FWFabian OrellanaCelta Vigo
41%
FWEsteban ParedesColo Colo
40%
MDFelipe GutierrezFC Twente
37%
MDMiiko AlbornozMalmö
37%
DFJosé RojasUniversidad de Chile
35%
MDCarlos CarmonaAtalanta
34%
MDJosé Pedro FuenzalidaColo Colo
29%

Score Distribution

Percentile by Number Answered

Percent of People with Each Score

Your Score History

You have not taken this quiz since the last reset